[Event "Quezon City U1800 op"]
[Site "Quezon City"]
[Date "2025.05.03"]
[Round "1"]
[White "Capilitan, Zhaoyu"]
[Black "Paragas, Vincent"]
[Result "1/2-1/2"]
[WhiteElo "1501"]
[BlackElo "1784"]
[PlyCount "63"]
[EventDate "2025.05.03"]
[EventType "swiss"]
[EventRounds "7"]
[EventCountry "PHI"]
[SourceTitle "CB19_2025"]
[SourceDate "2025.05.07"]
[SourceVersion "1"]
[SourceVersionDate "2025.05.07"]
[SourceQuality "1"]

1. c4 Nf6 2. Nf3 d6 3. d4 g6 4. Nc3 Bg7 5. e4 0-0 6. Be2 e5 7. 0-0 Bg4 8. dxe5 Bxf3 9. Bxf3 dxe5 10. Qb3 Nc6 11. Be3 Rb8 12. Rad1 Nd4 13. Bxd4 exd4 14. Nd5 c6 15. Nxf6+ Qxf6 16. Qd3 Rbd8 17. Rfe1 Rfe8 18. h3 Qf4 19. g3 Qc7 20. b3 Re7 21. Re2 Rde8 22. Rde1 Qa5 23. Rc1 Qe5 24. Rce1 h5 25. Bg2 Qa5 26. f4 Qc7 27. e5 Qd7 28. h4 Kh7 29. Kh2 c5 30. Bh3 Qc6 31. Bg2 Qd7 32. Bh3 1/2-1/2